Los 3000s del Pirineo - Estadísticas

Estadísticas generales
  • Esta prueba ha sido intentada 34 veces
  • La puntuación promedio es 36 de 217
Estadísticas de respuestas
Hint Respuesta % Correcto
3404 Aneto
96%
3350 Espalda de Aneto
96%
3188 Dedo del Monte Perdido
83%
3355 Monte Perdido
83%
3176 Nudillo Monte Perdido
83%
3235 NE Maladeta
79%
3308 Pico de Maladeta
79%
3375 Posets
79%
3328 Cilindro De Marboré
67%
3006 Casco del Marboré
63%
3073 Espalda del Marboré
63%
3248 Pico de Marboré
63%
3009 Torre del Marboré
63%
3093 Tuqueta de Marboré
63%
3298 Gran Vignemale
54%
3176 Hito Occidental Perdiguero
54%
3032 Petit Vignemale
54%
3222 Pico Perdiguero
54%
3082 Pico Central Infierno
50%
3073 Pico Occidental Infierno
50%
3076 Pico Oriental Infierno
50%
3051 Garmo Negro
46%
3143 Pica d Estats
46%
3254 Pico de Añisclo
46%
3014 Nord Besiberri
42%
3144 Pico del Taillon
42%
3194 Pitón SO del Cilindro
42%
3030 Sud Besiberri
42%
3046 Pico de las Argualas
38%
3350 Pico Maldito
38%
3054 Aguja de Alba
33%
2029 Aguja SO Russell
33%
3146 Aguja Sur Russell
33%
3087 Colmillo Oriental Alba
33%
3136 Diente de Alba
33%
3177 Gran Bachimala
33%
3118 Muela de Alba
33%
3061 Pequeño Bachimala
33%
3036 Pico Algas
33%
3118 Pico de Alba
33%
3293 Pico de Coronas
33%
3332 Pico de Espadas
33%
3133 Pico de la Munia
33%
3290 Pico de Tempestades
33%
3003 Pico Robiñera
33%
3207 Pico Russell
33%
3022 Punta de las Olas
33%
3023 SE Algas
33%
3228 Aguja del Collado de Coronas
29%
3071 Gran Astazu
29%
3005 Gran Facha
29%
3012 Pequeño Astazu
29%
3033 Pic de Comaloforno
29%
3346 Pico del Medio
29%
3274 Punta Brecha Tempestades
29%
3027 Punta de las Escaleras
29%
3286 Tuca Collado Coronas
29%
3144 Balaitous
25%
3053 Gran Pico de Eriste
25%
3034 Occidental Gabieto
25%
3031 Oriental Gabieto
25%
3077 Pic de Montcalm
25%
3192 Pic Long
25%
3106 Pico Central Cascada
25%
3045 Pico NO Baudrimont
25%
3025 Pico Norte de Eriste
25%
3095 Pico Occidental Cascada
25%
3161 Pico Oriental Cascada
25%
3026 Pico SE Baudrimont
25%
3045 Pico Sur de Eriste
25%
3205 Antecima SE Rusell
21%
3192 Punta Brecha Rusell
21%
3034 Punta Oriental Rusell
21%
3311 Tuca de Llardaneta
21%
3041 Tusse de Remuñe
21%
3072 Pic de Sotllo
17%
3131 Pico Verdaguer
17%
3043 Aguja de Cregüeña
13%
3055 Central Frondella
13%
3085 Diente de Llardana
13%
3058 Nord Sotllo
13%
3062 Norte Frondella
13%
3279 Pico Abadías
13%
3085 Pico Abadías Aguja SO
13%
3071 Pico de la Frondella
13%
3085 Pico de Troumouse
13%
3000 Pico Pequeño Portillón
13%
3014 Punta Alta
13%
3132 Punta de Lliterola
13%
3298 Punta Oliveras
13%
3004 Rodó de Canalbona
13%
3095 Tuca de Lliterola
13%
3010 Tuc de Molières
13%
3350 Aguja Daviu
8%
3043 Aguja Inferior Clot de la Hount
8%
3115 Aguja Superior Clot de la Hount
8%
3173 Pic Campbieil
8%
3091 Pic de Néouvielle
8%
3289 Pico Clot de la Hount
8%
3067 Pico de Ballibierna
8%
3050 Pico del Portillón de Oô
8%
3355 Punta Astorg
8%
3115 Punta Gabarró
8%
3080 Tuca Forau de la Neu
8%
3035 Turón de Néouvielle
8%
3034 Aguja Arnales
4%
3011 Aguja de Pondiellos
4%
3051 Aguja SO de Cerbillona
4%
3135 Aiguille Badet
4%
3041 Cap Coma de Riufred
4%
3028 Central Culfreda
4%
3077 Espalda de Esparets
4%
3032 NE Culfreda
4%
3096 Pequeña Munia
4%
3029 Pic Abeillé
4%
3160 Pic Badet
4%
3031 Pic de Bugarret
4%
3006 Pic de Estaragne
4%
3157 Pic de Lentilla
4%
3023 Pic de Lustou
4%
3000 Pico Arnales
4%
3235 Pico Central
4%
3265 Pico Collado Rimaya
4%
3254 Pico Cordier
4%
3037 Pico de Aragüells
4%
3006 Pico de Boum
4%
3247 Pico de Cerbillona
4%
3034 Pico de Culfreda
4%
3024 Pico de la Pez
4%
3018 Pico del Puerto la Pez
4%
3241 Pico de Margalida
4%
3057 Pico Marcos Feliú
4%
3185 Pico Mir
4%
3121 Pico Royo
4%
3011 Pointe de Ramougn
4%
3136 Punta del Sabre
4%
3273 Tuqueta Roya
4%
3035 Aguja Argarot
0%
3022 Aguja Cadier
0%
3058 Aguja Central NO Lézat
0%
3037 Aguja Central SE Lézat
0%
3065 Aguja Franqueville
0%
3075 Aguja Haurillon
0%
3023 Aguja Inferior de Lézat
0%
3025 Aguja Jean Garnier
0%
3021 Aguja Juncadella
0%
3014 Aguja Norte Malavesina
0%
3069 Aguja Superior Lézat
0%
3052 Aguja Tchihatcheff
0%
3022 Aguja Ussel
0%
3014 Aiguille Tourrat
0%
3097 Cap Baquo Occidental
0%
3103 Cap Baquo Oriental
0%
3017 Dent de Estibère
0%
3154 Espalda de Chausenque
0%
3028 Forca Estasen
0%
3060 Grand Quayrat
0%
3150 Gran Tapou
0%
3156 Le Bondidier Norte
0%
3219 Monferrat
0%
3016 Nord Crabounouse
0%
3021 Pale de Crabounouse
0%
3008 Pic Belloc
0%
3043 Pic Camboué
0%
3003 Pic de Saint Saud
0%
3039 Pic des Trois Conseillers
0%
3130 Pic du Milieu
0%
3034 Pic Gourdon
0%
3022 Pic Heid
0%
3107 Pic Lézat
0%
3074 Pic Maou
0%
3058 Pic Maubic
0%
3079 Pico de Bardamina
0%
3020 Pico de Clarabide
0%
3011 Pico de Gias
0%
2129 Pico de Gourgs Blancs
0%
3007 Pico de la Forqueta
0%
3078 Pico de la Paúl
0%
3125 Pico de los Veteranos
0%
3109 Pico de Maupas
0%
3121 Pico de Pavots
0%
3160 Pico Gemelos Ravier
0%
3073 Pico Inferior Paúl
0%
3065 Pico Jean Arlaud
0%
3185 Pico le Bondidier
0%
3043 Pico Navarro
0%
3008 Pico Occidental Clarabide
0%
3106 Pico Occidental Crabioules
0%
3012 Pico Oriental Clarabide
0%
3116 Pico Oriental Crabioules
0%
3045 Pico Rabadá
0%
3220 Pico Sayó
0%
3110 Pico Seil Dera Baquo
0%
3065 Pic Spijeoles
0%
3197 Pitón Carré
0%
3007 Pointe Reboul
0%
3035 Premier Conseillers
0%
3127 Primer Resalte Salenques
0%
3006 Punta Central Belloc
0%
3204 Punta de Chausenque
0%
3100 Punta del Ibón
0%
3170 Punta Delmás
0%
3124 Punta Inferior Tapou
0%
3010 Punta Lacq
0%
3120 Punta Ledormeur
0%
3104 Punta Lourde Rocheblave
0%
3048 Punta Mamy
0%
3003 Punta SE Forqueta
0%
3132 Punta Superior Tapou
0%
3007 Punta Sur Belloc
0%
3148 Segundo Resalte Salenques
0%
3090 Sierra Morena
0%
3030 Sur Argarot
0%
3114 Torre Armengaud
0%
3049 Torre de Costillerou
0%
3111 Torre de Salenques
0%
3062 Tuca de las Culebras
0%
No se encontraron pruebas coincidentes
Distribución de puntuación
Porcentaje de gente con cada puntuación
Porcentaje por número respondido
Historial de tus puntuaciones
No has intentado esta prueba.